Statistics for FIFA 21 All 80+ French Gold Players

Click here to take the quiz!

General Stats

  • This quiz has been taken 498 times
  • The average score is 42 of 53

Answer Stats

RatingPos.ClubPlayer% Correct
90STPSGKylian Mbappe
100%
88CDMChelseaN'Golo Kante
100%
87GKSpursHugo Lloris
99%
89CFReal MadridKarim Benzema
99%
86CMMan UnitedPaul Pogba
98%
87STBarcelonaAntoine Griezmann
97%
87CBMan CityAymeric Laporte
97%
86CBReal MadridRaphael Varane
97%
81STLyonMoussa Dembele
95%
83LWBarcelonaOusmane Dembele
95%
84STMan UnitedAnthony Martial
94%
81LBMan CityBenjamin Mendy
94%
83LBReal MadridFerland Mendy
94%
84LMBayernKingsley Coman
94%
83CBBarcelonaSamuel Umtiti
94%
83STArsenalAlexandre Lacazette
92%
84LBEvertonLucas Digne
92%
85CBBarcelonaClement Lenglet
91%
83GKMarseilleSteve Mandanda
91%
82CBBayernLucas Hernandez
90%
83CAMReal BetisNabil Fekir
90%
84STMonacoWissam Ben Yedder
90%
80LBMilanTheo Hernandez
89%
81RBBayernBenjamin Pavard
88%
83CDMInter MiamiBlaise Matuidi
88%
82GKFulhamAlphonse Areola
84%
81CMJuventusAdrien Rabiot
83%
82LWMarseilleDimitri Payet
83%
81CBPSGPresnel Kimpembe
83%
81LMAtleticoThomas Lemar
82%
80CMBayernCorentin Tolisso
79%
82RWMarseilleFlorian Thauvin
77%
81STTigresAndre-Pierre Gignac
73%
80CBChelseaKurt Zouma
73%
80LMNewcastleAllan Saint-Maximin
72%
81STWest HamSebastien Haller
72%
80CMSpursTanguy Ndombele
72%
81LMLeverkusenMoussa Diaby
71%
81CMLyonHoussem Aouar
69%
81CFFiorentinaFranck Ribery
68%
80LWGladbachMarcus Thuram
67%
82GKLilleMike Maignan
66%
80CAMLeipzigChristopher Nkunku
65%
81GKSaint EtienneStephane Ruffier
65%
80STGladbachAlassane Plea
59%
80RBLeipzigNordi Mukiele
59%
80CBWolvesWilly Boly
55%
80CMVillarrealFrancis Coquelin
52%
80GKMonacoBenjamin Lecomte
46%
80STAl HilalBafetimbi Gomis
44%
80CDMLilleBenjamin Andre
44%
80RBWolfsburgJerome Roussillon
40%
80CMMarseilleValentin Rongier
30%

Score Distribution

Percentile by Number Answered

Percent of People with Each Score

Your Score History

You have not taken this quiz